Methods of charcterizing the performance of radiometers and photometers /

Bibliographic Details
Corporate Authors: International Commission on Illumination, CIE Technical Committee 2.2 Detectors
Other Authors: Sanders, Charles L. (Charles Leonard), 1938-, Schanda, J.
Format: Book
Language:English
Published: Paris, France : Bureau Central de la CIE, 1982.
Series:Publication CIE ; No. 53.
Subjects:

MARC

Tag First Indicator Second Indicator Subfields
LEADER 00000cam a2200000Ia 4500
001 in00001815213
005 20151026051919.0
008 861103s1982 fr a b 000 0 eng d
020 |a 9290340533 
035 |a (OCoLC)ocm14628281 
040 |a IWA  |c IWA  |d TXA  |d UtOrBLW 
041 0 |a eng  |b fre  |b ger 
049 |a TXAM 
090 |a TH7700  |b .I53 no.95 
245 0 0 |a Methods of charcterizing the performance of radiometers and photometers /  |c [prepared by CIE Technical Committee 2.2 Detectors ; chairman of subcommittee, C.L. Sanders (till 77), J. Schanda (from 78)]. 
264 1 |a Paris, France :  |b Bureau Central de la CIE,  |c 1982. 
300 |a vii, 24 pages :  |b illustrations ;  |c 30 cm. 
336 |a text  |b txt  |2 rdacontent 
337 |a unmediated  |b n  |2 rdamedia 
338 |a volume  |b nc  |2 rdacarrier 
490 1 |a Publication CIE ;  |v No. 53(TC-2.2) 
500 |a In English, with prefatory material and summaries in English, French and German. 
500 |a At head of title: International Commission on Illumination. 
504 |a Bibliography: page 23. 
650 0 |a Optical detectors  |x Evaluation. 
650 0 |a Radiometers. 
650 0 |a Photometry. 
700 1 |a Sanders, Charles L.  |q (Charles Leonard),  |d 1938- 
700 1 |a Schanda, J. 
710 2 |a International Commission on Illumination. 
710 2 |a CIE Technical Committee 2.2 Detectors. 
830 0 |a Publication CIE ;  |v No. 53. 
994 |a E0  |b TXA 
948 |a cataloged  |b h  |c 2004/6/16  |d c  |e blrosas  |f 11:37:39 am 
999 |a MARS 
999 f f |s 55658bcd-ab5a-30a9-9102-9973399f9cbe  |i 01ec5c20-f2c5-31e3-b698-9f241dba2a42  |t 0 
952 f f |p normal  |a Texas A&M University  |b College Station  |c Sterling C. Evans Library  |d Evans: Library Stacks  |t 0  |e TH7700 .I53 no.95  |h Library of Congress classification  |i unmediated -- volume  |m A14831965426 
998 f f |a TH7700 .I53 no.95  |t 0  |l Evans: Library Stacks